Linux for dummies / (Record no. 61882)

000 -LEADER
fixed length control field 01131cam a2200313 a 4500
001 - CONTROL NUMBER
control field 2631730
003 - CONTROL NUMBER IDENTIFIER
control field NUST-PNEC
005 - DATE AND TIME OF LATEST TRANSACTION
control field 20170116180734.0
008 - FIXED-LENGTH DATA ELEMENTS--GENERAL INFORMATION
fixed length control field 990125s1999 inu 001 0 eng
010 ## - LIBRARY OF CONGRESS CONTROL NUMBER
LC control number 99060531
020 ## - INTERNATIONAL STANDARD BOOK NUMBER
International Standard Book Number 0764504215 (pbk.)
040 ## - CATALOGING SOURCE
Original cataloging agency DLC
Transcribing agency PNEC
050 00 - LIBRARY OF CONGRESS CALL NUMBER
Classification number QA76.76.O63
Item number W59 1999
082 00 - DEWEY DECIMAL CLASSIFICATION NUMBER
Classification number 005.4469 HAL
Edition number 21
100 1# - MAIN ENTRY--PERSONAL NAME
Personal name Hall, Jon,
Dates associated with a name 1963-
245 10 - TITLE STATEMENT
Title Linux for dummies /
Statement of responsibility, etc. by Jon "maddog" Hall.
250 ## - EDITION STATEMENT
Edition statement 2nd ed.
260 ## - PUBLICATION, DISTRIBUTION, ETC.
Place of publication, distribution, etc. Indianapolis, IN :
Name of publisher, distributor, etc. IDG Books Worldwide, Inc.,
Date of publication, distribution, etc. 1999.
300 ## - PHYSICAL DESCRIPTION
Extent xxii, 360 p. ;
Dimensions 24 cm.
500 ## - GENERAL NOTE
General note Prev. ed. by Craig Witherspoon.
500 ## - GENERAL NOTE
General note Includes index.
630 00 - SUBJECT ADDED ENTRY--UNIFORM TITLE
Uniform title Linux.
650 ## - SUBJECT ADDED ENTRY--TOPICAL TERM
General subdivision MIS, Computer
856 ## - ELECTRONIC LOCATION AND ACCESS
Uniform Resource Identifier <a href="http://www.amazon.com/Linux-Dummies-2nd-Jon-Hall/dp/0764504215/ref=sr_1_1?s=books&ie=UTF8&qid=1416468428&sr=1-1&keywords=0764504215">http://www.amazon.com/Linux-Dummies-2nd-Jon-Hall/dp/0764504215/ref=sr_1_1?s=books&ie=UTF8&qid=1416468428&sr=1-1&keywords=0764504215</a>
906 ## - LOCAL DATA ELEMENT F, LDF (RLIN)
a 7
b cbc
c orignew
d 2
e opcn
f 19
g y-gencatlg
942 ## - ADDED ENTRY ELEMENTS (KOHA)
Source of classification or shelving scheme
Koha item type Book
Holdings
Withdrawn status Lost status Source of classification or shelving scheme Damaged status Not for loan Permanent Location Current Location Shelving location Date acquired Source of acquisition Cost, normal purchase price Total Checkouts Full call number Barcode Date last seen Cost, replacement price Price effective from Koha item type
          Pakistan Navy Engineering College (PNEC) Pakistan Navy Engineering College (PNEC)   02/03/2006 Donated By Fawad Ahmed NUST 250.00   005.4469 HAL PNECLIB-027923 11/20/2014 250.00 02/03/2006 Book
© 2023 Central Library, National University of Sciences and Technology. All Rights Reserved.